Word Matters: Teaching Phonics and Spelling in the Reading/Writing Classroom (Record no. 23549)

MARC details
000 -LEADER
fixed length control field 00705nam a22002177a 4500
003 - CONTROL NUMBER IDENTIFIER
control field OSt
005 - DATE AND TIME OF LATEST TRANSACTION
control field 20260608155200.0
008 - FIXED-LENGTH DATA ELEMENTS--GENERAL INFORMATION
fixed length control field 260608b |||||||| |||| 00| 0 eng d
020 ## - INTERNATIONAL STANDARD BOOK NUMBER
International Standard Book Number 0325000514
040 ## - CATALOGING SOURCE
Transcribing agency Chuka University Library
050 ## - LIBRARY OF CONGRESS CALL NUMBER
Classification number LB 1573.3
Item number .P5 1998
100 ## - MAIN ENTRY--PERSONAL NAME
Personal name Pinnell Gay and Irene Fountas
9 (RLIN) 27688
245 ## - TITLE STATEMENT
Title Word Matters: Teaching Phonics and Spelling in the Reading/Writing Classroom
260 ## - PUBLICATION, DISTRIBUTION, ETC.
Place of publication, distribution, etc. Portsmouth
Name of publisher, distributor, etc. Heineman
Date of publication, distribution, etc. 1998
300 ## - PHYSICAL DESCRIPTION
Extent xvii,401P
650 ## - SUBJECT ADDED ENTRY--TOPICAL TERM
Topical term or geographic name entry element Reading-Phonetic Method
9 (RLIN) 13914
650 ## - SUBJECT ADDED ENTRY--TOPICAL TERM
Topical term or geographic name entry element English Language-Orthography and Spelling -Study and Teaching
9 (RLIN) 27689
650 ## - SUBJECT ADDED ENTRY--TOPICAL TERM
Topical term or geographic name entry element Language Arts
9 (RLIN) 18723
700 ## - ADDED ENTRY--PERSONAL NAME
Personal name Mary Ellen
9 (RLIN) 27690
942 ## - ADDED ENTRY ELEMENTS (KOHA)
Source of classification or shelving scheme Library of Congress Classification
Koha item type Long Loan Books
Suppress in OPAC No
Holdings
Withdrawn status Lost status Source of classification or shelving scheme Damaged status Not for loan Collection Home library Current library Shelving location Date acquired Cost, normal purchase price Total Checkouts Full call number Barcode Date last seen Copy number Price effective from Koha item type
    Library of Congress Classification     General Collection Books Main Campus Library Main Campus Library Fiction 08/06/2026 1680.78   LB 1573.3 .P5 1998 33200/2026 08/06/2026 1 08/06/2026 Long Loan Books
    Library of Congress Classification     General Collection Books Main Campus Library Main Campus Library Fiction 08/06/2026 1680.78   LB 1573.3 .P5 1998 33201/2026 08/06/2026 2 08/06/2026 Long Loan Books
    Library of Congress Classification     General Collection Books Main Campus Library Main Campus Library Fiction 08/06/2026 1680.78   LB 1573.3 .P5 1998 33199/2026 08/06/2026 3 08/06/2026 Long Loan Books
    Library of Congress Classification     General Collection Books Main Campus Library Main Campus Library Fiction 08/06/2026 1680.78   LB 1573.3 .P5 1998 33198/2026 08/06/2026 4 08/06/2026 Long Loan Books
    Library of Congress Classification     General Collection Books Main Campus Library Main Campus Library Fiction 08/06/2026 1680.78   LB 1573.3 .P5 1998 33207/2026 08/06/2026 5 08/06/2026 Long Loan Books
    Library of Congress Classification     General Collection Books Main Campus Library Main Campus Library Fiction 08/06/2026 1680.78   LB 1573.3 .P5 1998 33206/2026 08/06/2026 6 08/06/2026 Long Loan Books
    Library of Congress Classification     General Collection Books Main Campus Library Main Campus Library Fiction 08/06/2026 1680.78   LB 1573.3 .P5 1998 33205/2026 08/06/2026 7 08/06/2026 Long Loan Books
    Library of Congress Classification     General Collection Books Main Campus Library Main Campus Library Fiction 08/06/2026 1680.78   LB 1573.3 .P5 1998 33204/2026 08/06/2026 8 08/06/2026 Long Loan Books
    Library of Congress Classification     General Collection Books Main Campus Library Main Campus Library Fiction 08/06/2026 1680.78   LB 1573.3 .P5 1998 33203/2026 08/06/2026 9 08/06/2026 Long Loan Books
    Library of Congress Classification     General Collection Books Main Campus Library Main Campus Library Fiction 08/06/2026 1680.78   LB 1573.3 .P5 1998 33202/2026 08/06/2026 10 08/06/2026 Long Loan Books
    Library of Congress Classification       Main Campus Library Main Campus Library   08/06/2026         08/06/2026   08/06/2026 Long Loan Books
    Library of Congress Classification       Main Campus Library Main Campus Library   08/06/2026         08/06/2026   08/06/2026 Long Loan Books

Powered by Koha